BIBLIOTECA PODER JUDICIAL
Portal Judicial TDF

El consentimiento del paciente para actos médicos / (Registro nro. 5312)

000 -LEADER
fixed length control field 01201nab a22002657a 4500
003 - CONTROL NUMBER IDENTIFIER
control field OSt
005 - DATE AND TIME OF LATEST TRANSACTION
control field 20250218120633.0
008 - FIXED-LENGTH DATA ELEMENTS--GENERAL INFORMATION
fixed length control field 190603e xxum|||| |||| 00| 0 spa d
040 ## - CATALOGING SOURCE
Transcribing agency PJ-TDF
100 ## - MAIN ENTRY--PERSONAL NAME
9 (RLIN) 6363
Personal name Nicolau, Noemí Lidia
245 13 - TITLE STATEMENT
Title El consentimiento del paciente para actos médicos /
Statement of responsibility, etc Noemí Lidia Nicolau.
260 ## - PUBLICATION, DISTRIBUTION, ETC. (IMPRINT)
Date of publication, distribution, etc Ciudad Autónoma de Buenos Aires :
Place of publication, distribution, etc Thomson Reuters La Ley,
Name of publisher, distributor, etc 2024.
300 ## - PHYSICAL DESCRIPTION
Extent p. 7
500 ## - GENERAL NOTE
General note Cita: TR LALEY AR/DOC/1980/2024.<br/><br/>Publicado en: R.C.C. y C. 2024 (Septiembre-Octubre). EDICIÓN ESPECIAL: XXIX Jornadas Nacionales de Derecho Civil.<br/>
505 ## - FORMATTED CONTENTS NOTE
Title ¿Te interesa el texto completo? Solicitalo al correo: koha@justierradelfuego.gov.ar
650 #0 - SUBJECT ADDED ENTRY--TOPICAL TERM
9 (RLIN) 967
Topical term or geographic name as entry element DERECHO DE FAMILIA
650 #0 - SUBJECT ADDED ENTRY--TOPICAL TERM
9 (RLIN) 2741
Topical term or geographic name as entry element DERECHOS DE LAS NIÑAS, NIÑOS Y ADOLESCENTES
650 #0 - SUBJECT ADDED ENTRY--TOPICAL TERM
9 (RLIN) 1253
Topical term or geographic name as entry element DERECHO A LA SALUD
650 #0 - SUBJECT ADDED ENTRY--TOPICAL TERM
9 (RLIN) 1270
Topical term or geographic name as entry element DERECHOS DEL PACIENTE
650 #0 - SUBJECT ADDED ENTRY--TOPICAL TERM
9 (RLIN) 4273
Topical term or geographic name as entry element CONSENTIMIENTO INFORMADO
650 #0 - SUBJECT ADDED ENTRY--TOPICAL TERM
9 (RLIN) 3713
Topical term or geographic name as entry element RESPONSABILIDAD MÉDICA
650 #0 - SUBJECT ADDED ENTRY--TOPICAL TERM
9 (RLIN) 3951
Topical term or geographic name as entry element DEBER DE INFORMACIÓN
773 0# - HOST ITEM ENTRY
Host Biblionumber 2713
Host Itemnumber 3170
Place, publisher, and date of publication Ciudad Autónoma de Buenos Aires : Thomson Reuters La Ley, 2015-
Title Revista Código Civil y Comercial. Nº 5 - Septiembre-Octubre 2024
942 ## - ADDED ENTRY ELEMENTS (KOHA)
Source of classification or shelving scheme
Koha item type Analítica Artículo de Revista

No hay ítems disponibles.

12 de Octubre 789 Ushuaia - Tel:  54(02901)441571
Horario de Atención: 8.00 a 17.00 hs. 
bibliotecaush@justierradelfuego.gov.ar
koha@justierradelfuego.gov.ar
Seguinos en nuestras redes @bibliojustdf 

Con tecnología Koha